Paying “Cash-for-Votes”
Platba za hlasy je forma kupovania hlasov, pri ktorej kandidáti na politické funkcie platia jednotlivým voličom výmenou za ich hlasy.1 Táto prax je v mnohých ohľadoch považovaná za spoločensky škodlivú: podkopáva fungovanie demokracie (Kitschelt a Wilkinson 2007, Stokes a kol. 2013), potenciálne odv...
Guardado en:
| Autor principal: | |
|---|---|
| Otros Autores: | |
| Formato: | Capítulo de libro |
| Lenguaje: | inglés |
| Materias: | |
| Etiquetas: |
Sin Etiquetas, Sea el primero en etiquetar este registro!
|
MARC
| LEADER | 00000naa$a2200000$$$4500 | ||
|---|---|---|---|
| 001 | 0314205 | ||
| 005 | 20260126093630.9 | ||
| 041 | 0 | |a eng | |
| 044 | |a GB | ||
| 245 | 1 | 0 | |a Paying “Cash-for-Votes” |c Anand Murugesan, Jean-Robert Tyran |
| 520 | |a Platba za hlasy je forma kupovania hlasov, pri ktorej kandidáti na politické funkcie platia jednotlivým voličom výmenou za ich hlasy.1 Táto prax je v mnohých ohľadoch považovaná za spoločensky škodlivú: podkopáva fungovanie demokracie (Kitschelt a Wilkinson 2007, Stokes a kol. 2013), potenciálne odvádza zdroje z verejných služieb, oslabuje politickú zodpovednosť a môže zhoršiť sociálnu a ekonomickú nerovnosť (Khemani 2015, Leight a kol. 2020). Platba za hlasy v hotovosti pravdepodobne brzdí hospodársky rozvoj (Robinson a Verdier 2013, Anderson a kol. 2015). | ||
| 610 | 2 | 0 | |a politika |
| 610 | 2 | 0 | |a voľby |
| 610 | 2 | 0 | |a demokracia |
| 610 | 2 | 0 | |a štát |
| 610 | 2 | 0 | |a systém |
| 100 | 1 | |a Murugesan, Anand | |
| 700 | 1 | |a Tyran, Jean-Robert, 1967- | |